चन्द्रगुप्ता / (Record no. 53402)
[ view plain ]
| 000 -LEADER | |
|---|---|
| fixed length control field | 00553nam a2200181Ia 4500 |
| 005 - DATE AND TIME OF LATEST TRANSACTION | |
| control field | 20260429112314.0 |
| 008 - FIXED-LENGTH DATA ELEMENTS--GENERAL INFORMATION | |
| fixed length control field | 260429s9999||||xx |||||||||||||| ||und|| |
| 020 ## - INTERNATIONAL STANDARD BOOK NUMBER | |
| International Standard Book Number | 9789389140965 |
| 041 ## - LANGUAGE CODE | |
| Language | Hindi |
| 082 ## - DEWEY DECIMAL CLASSIFICATION NUMBER | |
| Classification number | 891.432 |
| Item number | PRA |
| 100 ## - MAIN ENTRY--PERSONAL NAME | |
| Personal name | प्रसाद, जयशंकर |
| 245 #0 - TITLE STATEMENT | |
| Title | चन्द्रगुप्ता / |
| Statement of responsibility, etc | जयशंकर प्रसाद |
| 250 ## - EDITION STATEMENT | |
| Edition statement | 0 |
| 260 ## - PUBLICATION, DISTRIBUTION, ETC. (IMPRINT) | |
| Place of publication, distribution, etc | नई दिल्ली : |
| Name of publisher, distributor, etc | प्रकाशन संस्थान, |
| Date of publication, distribution, etc | 2023. |
| 300 ## - PHYSICAL DESCRIPTION | |
| Extent | 144 p.; Hb |
| 650 ## - SUBJECT ADDED ENTRY--TOPICAL TERM | |
| Topical term or geographic name as entry element | Drama |
| 942 ## - ADDED ENTRY ELEMENTS (KOHA) | |
| Koha item type | Text Books |
| Withdrawn status | Lost status | Damaged status | Not for loan | Collection code | Home library | Location | Shelving location | Date of Cataloging | Source of acquisition | Total Checkouts | Full call number | Barcode | Date last seen | Price effective from | Koha item type |
|---|---|---|---|---|---|---|---|---|---|---|---|---|---|---|---|
| Non-fiction | CUTN Central Library | CUTN Central Library | Literature | 29/04/2026 | Segment Book Distributors, New Delhi - Invoice No. 71458 on 09-02-2026 | 891. 432 PRA | 58242 | 29/04/2026 | 29/04/2026 | Text Books | |||||
| Non-fiction | CUTN Central Library | CUTN Central Library | Literature | 29/04/2026 | Segment Book Distributors, New Delhi - Invoice No. 71458 on 09-02-2026 | 891. 432 PRA | 58243 | 29/04/2026 | 29/04/2026 | Text Books | |||||
| Non-fiction | CUTN Central Library | CUTN Central Library | Literature | 29/04/2026 | Segment Book Distributors, New Delhi - Invoice No. 71458 on 09-02-2026 | 891. 432 PRA | 58244 | 29/04/2026 | 29/04/2026 | Text Books | |||||
| Non-fiction | CUTN Central Library | CUTN Central Library | Literature | 29/04/2026 | Segment Book Distributors, New Delhi - Invoice No. 71458 on 09-02-2026 | 891. 432 PRA | 58245 | 29/04/2026 | 29/04/2026 | Text Books | |||||
| Non-fiction | CUTN Central Library | CUTN Central Library | Literature | 29/04/2026 | Segment Book Distributors, New Delhi - Invoice No. 71458 on 09-02-2026 | 891. 432 PRA | 58246 | 29/04/2026 | 29/04/2026 | Text Books |
